|
|
|
|
| LEADER |
02955nam a2200685 a 4500 |
| 001 |
nkc20112195062 |
| 003 |
CZ PrNK |
| 005 |
20120105102755.0 |
| 007 |
ta |
| 008 |
110603s2011 xr a f m 000 0 cze |
| 015 |
|
|
|a cnb002195062
|
| 020 |
|
|
|a 978-80-248-2437-6
|q (brož.) :
|c neprodejné
|
| 035 |
|
|
|a (OCoLC)773170652
|
| 040 |
|
|
|a BOA001
|b cze
|d ABA001
|
| 041 |
0 |
|
|a cze
|b eng
|
| 072 |
|
7 |
|a 662
|x Výbušniny. Paliva
|2 Konspekt
|9 19
|
| 080 |
|
|
|a 661.98
|2 MRF
|
| 080 |
|
|
|a 504.5:502.3
|2 MRF
|
| 080 |
|
|
|a 502/504
|2 MRF
|
| 080 |
|
|
|a 621.311.22/.23
|2 MRF
|
| 080 |
|
|
|a 662.613
|2 MRF
|
| 080 |
|
|
|a [504.5:502.3]-021.351
|2 MRF
|
| 080 |
|
|
|a (043.3)
|2 MRF
|
| 080 |
|
|
|a (048.3)
|2 MRF
|
| 100 |
1 |
|
|a Grycmanová, Markéta,
|d 1982-
|7 mzk2011672078
|4 dis
|
| 245 |
1 |
0 |
|a Výzkum možnosti aplikace technologie SNCR pro denitrifikaci kotle K4 v Elektrárně Opatovice =
|b Research of possibility for the application of SNCR technology for denitrification in the power boiler K4 Opatovice /
|c Markéta Grycmanová
|
| 246 |
3 |
1 |
|a Research of possibility for the application of SNCR technology for denitrification in the power boiler K4 Opatovice
|
| 250 |
|
|
|a 1. vyd.
|
| 260 |
|
|
|a Ostrava :
|b VŠB - Technická univerzita Ostrava,
|c 2011
|
| 300 |
|
|
|a 37 s. :
|b il. (některé barev.) ;
|c 21 cm
|
| 490 |
1 |
|
|a Vědecké spisy Fakulty strojní. Autoreferáty disertačních prací ;
|v sv. 179
|
| 500 |
|
|
|a Název z obálky
|
| 500 |
|
|
|a Autoreferát disertační práce (Ph.D.)--Vysoká škola báňská - Technická univerzita Ostrava, Fakulta strojní, 2011
|
| 500 |
|
|
|a 35 výt.
|
| 504 |
|
|
|a Obsahuje bibliografii
|
| 546 |
|
|
|a Anglické resumé
|
| 650 |
0 |
7 |
|a oxidy dusíku
|7 ph123883
|2 czenas
|
| 650 |
0 |
7 |
|a emise znečišťujících látek
|7 ph135527
|2 czenas
|
| 650 |
0 |
7 |
|a životní prostředí
|7 ph135446
|2 czenas
|
| 650 |
0 |
7 |
|a tepelné elektrárny
|7 ph126579
|2 czenas
|
| 650 |
0 |
7 |
|a produkty spalování
|7 ph156589
|2 czenas
|
| 650 |
0 |
7 |
|a imisní limity
|7 ph581455
|2 czenas
|
| 650 |
0 |
9 |
|a nitrogen oxides
|2 eczenas
|
| 650 |
0 |
9 |
|a air pollutant emission
|2 eczenas
|
| 650 |
0 |
9 |
|a environment
|2 eczenas
|
| 650 |
0 |
9 |
|a thermal power plants
|2 eczenas
|
| 650 |
0 |
9 |
|a combustion products
|2 eczenas
|
| 650 |
0 |
9 |
|a ambient air quality standards
|2 eczenas
|
| 655 |
|
7 |
|a disertace
|7 fd132024
|2 czenas
|
| 655 |
|
7 |
|a autoreferáty
|7 fd131857
|2 czenas
|
| 655 |
|
9 |
|a dissertations
|2 eczenas
|
| 655 |
|
9 |
|a autoabstracts
|2 eczenas
|
| 710 |
2 |
|
|a Vysoká škola báňská - Technická univerzita Ostrava.
|b Strojní fakulta
|7 kn20010709395
|
| 810 |
2 |
|
|a Vysoká škola báňská - Technická univerzita Ostrava.
|b Strojní fakulta.
|t Vědecké spisy.
|p Autoreferáty disertačních prací
|0 s
|
| 910 |
2 |
|
|a BOA001
|b 2-1275.673
|
| 928 |
9 |
|
|a Vysoká škola báňská - Technická univerzita Ostrava
|
| 990 |
|
|
|a BK
|
| 995 |
|
|
|a 01
|
| 991 |
|
|
|b 201112
|c NOV
|e n
|
| 996 |
6 |
|
|b 2610493926
|c 2-1275.673
|l MZK
|r Sklad / do 1 hodiny
|n 4
|p p.v.
|w 001215185
|u 000010
|a 1
|e BOA001
|j MZK50
|s P
|